[Event "CRO Team Cup 2019"]
[Site "Losinj"]
[Date "2019.05.19"]
[Round "6.9"]
[White "Jovanovic, Zoran"]
[Black "Martinovic, Sasa"]
[Result "1/2-1/2"]
[WhiteElo "2512"]
[BlackElo "2560"]
[Annotator "TA"]
[PlyCount "47"]
[EventDate "2019.05.15"]
[EventType "team-tourn"]
[EventCountry "CRO"]
[SourceTitle "playchess.com"]
[Source "ChessBase"]
[SourceQuality "1"]

{[%evp 19,47,15,16,0,19,20,15,18,17,13,3,0,0,0,0,0,0,0,0,0,0,0,0,0,0,0,0,0,0,0]} 1. e4 c5 2. Nf3 e6 3. Nc3 Nc6 4. Bb5 Nge7 5. O-O a6 6. Bxc6 Nxc6 7. d4 cxd4 8. Nxd4 d6 9. Nxc6 bxc6 10. Qg4 Qf6 {The position is equal.} 11. Qg3 {B30: Sicilian: 2...Nc6 3 Bb5, lines without ...g6} Be7 12. e5 dxe5 ({Much worse is} 12... Qxe5 $6 13. Bf4 $16) 13. Ne4 Qg6 14. Qxe5 O-O $1 15. f3 {[#]} f5 $146 ({Predecessor:} 15... f6 16. Qc7 Qe8 17. Be3 e5 18. Bc5 Bd8 {½-½ (47) Glek,I (2551)-Kortschnoj,V (2606) Switzerland 2007}) 16. Nd6 Qf6 17. Nc4 a5 18. Re1 Ba6 19. Nxa5 Bb5 {[#] Hoping for ...Qxe5.} 20. Qxf6 Bxf6 21. Nb7 Ba6 22. Na5 Bb5 23. Nb7 Ba6 24. Na5 1/2-1/2

[Event "CRO Team Cup 2019"]
[Site "Losinj"]
[Date "2019.05.19"]
[Round "6.10"]
[White "Cvitan, Ognjen"]
[Black "Bukal, Vladimir Jr."]
[Result "1-0"]
[WhiteElo "2484"]
[BlackElo "2396"]
[Annotator "TA"]
[PlyCount "77"]
[EventDate "2019.05.15"]
[EventType "team-tourn"]
[EventCountry "CRO"]
[SourceTitle "playchess.com"]
[Source "ChessBase"]
[SourceQuality "1"]

{[%evp 20,77,24,17,28,33,53,34,78,76,95,72,76,29,42,16,21,7,33,28,28,37,39,28,51,56,41,53,62,14,0,0,64,57,64,37,54,33,89,66,136,130,170,169,212,129,247,210,812,809,814,807,793,780,29992,29993,29993,29994,29994,29995]} 1. Nf3 e6 2. c4 b6 3. g3 Bb7 4. Bg2 f5 5. O-O Nf6 6. d4 Be7 7. b3 O-O 8. Bb2 Ne4 9. Nc3 Bf6 10. Qc2 Nxc3 11. Bxc3 d6 {A84: Dutch Defence: 2 c4 Miscellaneous} 12. Ne1 $146 ({Predecessor:} 12. Rad1 Be4 13. Qb2 Qe7 14. Ne1 Bxg2 15. Nxg2 Nd7 16. Qc2 g6 17. Nf4 c6 18. e4 e5 19. Ng2 exd4 20. Bxd4 fxe4 {½-½ (37) Pjatelin,D (2140)-Riabov,A (2105) Kemerovo 2009}) 12... Qc8 13. e4 Nc6 {White is slightly better.} 14. Rd1 e5 15. d5 Ne7 16. Bh3 c6 17. Bb4 cxd5 18. exd5 (18. cxd5 {seems wilder.} Rd8 19. Qd2 a5 20. Bc3 Qb8 21. f4) 18... Qc7 19. Bxf5 Nxf5 20. Qxf5 {Black must now prevent Qe6+.} Bc8 21. Qe4 a5 22. Bd2 Bh3 23. Ng2 a4 24. Be3 axb3 25. axb3 g6 (25... Ra3 $11) 26. Bh6 $14 Rfc8 27. Rfe1 (27. Qf3 $5 {[%cal Rf3f6]} Bg7 28. Bxg7 Qxg7 29. Rfe1 $14) 27... Ra3 28. Ne3 Bd7 (28... Rxb3 $14 29. Qf3 Bf5) 29. b4 {[%cal Bb3b4,Bb4b5][%mdl 32]} Qb7 (29... Rca8 $14) 30. Ra1 Qa6 31. Rac1 Qa4 32. b5 Bh8 (32... Qa7 $16 33. h4 Be7) 33. Qh4 $40 {[%mdl 128] aiming for Qe7! White has strong attack.} Kf7 $2 {[#]} (33... Qa7 34. Bg5 (34. Qe7 Qc7 $16) 34... Qc7) 34. f4 $18 Rxe3 35. Rxe3 Rxc4 36. Rf1 {Intending Qd8! and mate.} e4 37. Qd8 {[%csl Gh6][%cal Rd8f8][%mdl 64] [#] Double Attack. White mates.} Be8 38. f5 g5 39. Qxd6 {Accuracy: White = 45%, Black = 21%.} 1-0

[Event "CRO Team Cup 2019"]
[Site "Losinj"]
[Date "2019.05.19"]
[Round "6.11"]
[White "Dutina, Dario"]
[Black "Kurajica, Bojan"]
[Result "1-0"]
[WhiteElo "2225"]
[BlackElo "2505"]
[Annotator "TA"]
[PlyCount "83"]
[EventDate "2019.05.15"]
[EventType "team-tourn"]
[EventCountry "CRO"]
[SourceTitle "playchess.com"]
[Source "ChessBase"]
[SourceQuality "1"]

{[%evp 9,83,14,25,25,18,14,39,43,75,69,86,69,81,80,81,88,162,83,124,105,115,115,132,127,123,127,94,68,76,68,85,43,56,33,187,167,222,158,199,209,200,198,233,207,237,209,267,235,231,224,229,220,352,350,350,339,400,367,395,416,424,390,462,461,435,342,487,464,463,355,900,912,891,892,1291,992]} 1. e4 c5 2. Nc3 a6 3. f4 b5 4. g3 (4. Nf3 Bb7 5. d3 e6 6. Qe2 Nc6 7. g3 Nd4 8. Nxd4 cxd4 9. Nd1 Rc8 10. Bg2 Bb4+ 11. c3 dxc3 12. bxc3 Rxc3 {0-1 (34) Maze,S (2612)-Gharamian,T (2614) Nimes 2018}) 4... Bb7 5. Bg2 b4 6. Nd5 {B23: Closed Sicilian: Lines without g3} e6 7. Ne3 d6 8. d3 {White is slightly better.} Nc6 9. Nf3 g6 $146 ({Predecessor:} 9... Nge7 10. O-O Nd4 11. f5 Nec6 12. fxe6 fxe6 {1-0 (25) Hug,M (2257)-Melkumjanz,N (2314) Basel 2009}) 10. O-O Bg7 11. f5 Nf6 12. g4 Nd7 (12... Qc7 $16 {was worth a try.}) 13. g5 ({White should try} 13. fxe6 $1 $18 fxe6 {[#]} 14. Ng5 $1 {[%mdl 512]} Qxg5 15. Nf5 $1 {[%mdl 576] Double Attack} Bd4+ 16. Kh1 Qxc1 17. Qxc1 (17. Rxc1 exf5 18. c3 Be3 $11) (17. Nxd6+ Ke7 $16) 17... exf5 18. exf5) 13... h6 14. fxe6 fxe6 15. Nc4 Qe7 16. gxh6 Bxh6 17. Bxh6 Rxh6 18. Qd2 Rh5 19. Qf4 $36 {[%mdl 2048] Black is under pressure.} Nde5 20. Qg3 {Hoping for Nfxe5.} O-O-O 21. Nfxe5 dxe5 $2 ({Black should play} 21... Nxe5 $14 22. Nxe5 Rxe5) 22. Rf2 $18 (22. Qxg6 $6 Rg5 $14) 22... Rdh8 (22... Nd4 $142 23. c3 (23. Qxg6 Rg5 $16) (23. Nxe5 Qc7 $16) 23... Nc6) 23. h3 ({But not} 23. Qxg6 $6 Kb8 $16) 23... Kb8 24. Raf1 R8h7 25. c3 ({Don't do} 25. Qxg6 $6 Rg5 $16) 25... Ka7 26. Rf6 g5 27. Qg4 Qd7 28. R1f3 a5 29. Qxe6 Qxe6 30. Rxe6 g4 (30... R5h6 $142 31. Rxh6 Rxh6) 31. hxg4 Rg5 32. Bh3 a4 {Black wants to play ...a3.} 33. a3 bxa3 34. bxa3 Kb8 35. Kg2 Kc7 36. Rff6 Rd7 37. Rf5 Rxf5 (37... Rgg7 $142 38. Rf3 Rde7) 38. gxf5 Rxd3 39. f6 {f7 is the strong threat.} Nd8 $2 (39... Rxh3 40. f7 (40. Kxh3 $2 {too greedy.} Bc8 $19) 40... Rh8) 40. Re7+ {White is clearly winning.} Kb8 41. Bf5 Rxc3 42. Nxe5 {Accuracy: White = 59%, Black = 26%.} 1-0

[Event "CRO Team Cup 2019"]
[Site "Losinj"]
[Date "2019.05.19"]
[Round "6.12"]
[White "Rogic, Davor"]
[Black "Bozinovic, Bogdan"]
[Result "1-0"]
[WhiteElo "2498"]
[BlackElo "2197"]
[Annotator "TA"]
[PlyCount "75"]
[EventDate "2019.05.15"]
[EventType "team-tourn"]
[EventCountry "CRO"]
[SourceTitle "playchess.com"]
[Source "ChessBase"]
[SourceQuality "1"]

{[%evp 11,83,0,22,0,2,0,0,0,1,-31,-21,-15,-26,-59,-74,-65,-64,-70,0,0,0,-8,20,24,13,17,18,33,19,14,36,38,62,43,65,12,14,16,59,54,57,58,51,68,64,44,33,43,32,33,94,94,230,222,223,225,229,216,283,274,260,263,389,378,400,401,388,383,381,388,410,409,550,551]} 1. e4 c5 2. Nf3 d6 3. d4 cxd4 4. Nxd4 Nf6 5. Nc3 a6 6. a4 e6 7. g4 {B90: Sicilian Najdorf: Unusual White 6th moves, 6 Be3 Ng4 and 6 Be3 e5} (7. a5 Be7 8. Be2 O-O 9. O-O Bd7 10. Be3 Nc6 11. Nb3 Rc8 12. f3 Ne5 13. Bb6 Qe8 14. Kh1 Bc6 15. Bd4 Ned7 16. Qd2 Qd8 17. Na4 e5 18. Bb6 Qe8 19. Bf2 {0-1 (52) Kamsky,G (2666)-Fedoseev,V (2719) St Petersburg 2018}) 7... d5 8. exd5 $146 ({Predecessor:} 8. Bg5 dxe4 9. Bxf6 gxf6 10. Nxe4 h5 11. Nb3 Qxd1+ 12. Rxd1 Nd7 13. gxh5 f5 14. Nd6+ Bxd6 15. Rxd6 {0-1 (50) Raptis,N-Russell,C Seattle 1992}) 8... Nxd5 9. Nde2 {The position is equal.} Bb4 10. Bd2 Nb6 11. Nf4 Nc6 {[%cal Bb8c6,Bc6e5,Be5c4][%mdl 32]} 12. Qe2 O-O {White must now prevent ...e5.} 13. O-O-O Qc7 14. Qe4 Qe5 (14... Rd8 $15 15. Be3 (15. Bd3 g6 $15) 15... Rxd1+ 16. Nxd1 Bd7) 15. Qxe5 Nxe5 16. Be2 Nec4 17. Be1 Ne5 18. Nh5 Bd7 19. f4 Bc6 20. fxe5 {Strongly threatening Rf1.} Bxh1 21. Bf2 $1 {[%csl LRb6,LRh1]} Nd5 $1 {[%cal Rd5c3]} 22. Na2 $1 Be4 {[#] ...Be7 is the strong threat.} 23. Nxb4 ({White should play} 23. Rxd5 $1 $14 {[%mdl 512]} Bxd5 24. Nxb4) 23... Nxb4 $11 24. Rd4 $1 {[%csl LRb4,LRe4]} Bxc2 25. Rxb4 Rac8 26. Kd2 $1 Rfd8+ 27. Ke3 Rd5 28. Bg3 ({Worse is} 28. Rxb7 Rxe5+ 29. Kf3 Bxa4 $17) 28... b5 29. axb5 axb5 30. Bf4 Kf8 (30... h6 $14) 31. Ng3 $16 g5 (31... f6 $16) 32. Bxg5 $18 Rxe5+ 33. Kf4 Rd5 {[#]} 34. Bf6 $1 ({Much less strong is} 34. Rxb5 $6 Rxb5 35. Bxb5 Rb8 $16) ({But not} 34. Bxb5 $2 Rb8 $19) 34... Rd2 35. Bc3 Rd5 36. Bxb5 f6 (36... Rb8 $142) 37. Ba6 Ra8 {And now ...e5+ would win.} 38. Rb6 {Played: Ba6-b7} 1-0

[Event "CRO Team Cup 2019"]
[Site "Losinj"]
[Date "2019.05.19"]
[Round "6.13"]
[White "Lalic, Bogdan"]
[Black "Biti, Ozren"]
[Result "1/2-1/2"]
[WhiteElo "2400"]
[BlackElo "2366"]
[Annotator "TA"]
[PlyCount "33"]
[EventDate "2019.05.15"]
[EventType "team-tourn"]
[EventCountry "CRO"]
[SourceTitle "playchess.com"]
[Source "ChessBase"]
[SourceQuality "1"]

{[%evp 14,33,65,54,65,65,63,69,69,70,76,75,76,62,84,76,64,60,69,54,47,53]} 1. d4 d6 2. Nf3 g6 3. c4 Bg7 4. e4 e5 5. Nc3 Nc6 6. Bg5 f6 7. Be3 Nh6 8. dxe5 dxe5 {A42: Modern Defence: Averbakh Variation} 9. Qxd8+ Kxd8 10. Rd1+ (10. h3 Be6 11. O-O-O+ Kc8 12. c5 Nf7 13. Nd2 Nd4 14. Bc4 Rd8 15. Bxe6+ Nxe6 16. Nc4 {1-0 (52) Can,E (2578)-Jones,G (2671) Reykjavik 2017}) 10... Bd7 $1 11. Nd5 {[#] Hoping for Bxh6.} Nf7 12. c5 a5 $146 ({Predecessor:} 12... Kc8 13. Bc4 Nfd8 14. b4 Re8 15. b5 Na5 16. Be2 {½-½ (63) Bluebaum,M (2471)-Thinius,M (2354) Deizisau 2013}) 13. Bc4 Rf8 14. O-O Kc8 15. Rd3 {White is slightly better.} Bg4 $1 16. h3 Bxf3 $1 17. gxf3 1/2-1/2

[Event "CRO Team Cup 2019"]
[Site "Losinj"]
[Date "2019.05.19"]
[Round "6.14"]
[White "Ascic, Pero"]
[Black "Loncar, Robert"]
[Result "1/2-1/2"]
[WhiteElo "2324"]
[BlackElo "2407"]
[Annotator "RC"]
[PlyCount "63"]
[EventDate "2019.05.15"]
[EventType "team-tourn"]
[EventCountry "CRO"]
[SourceTitle "playchess.com"]
[Source "ChessBase"]
[SourceQuality "1"]
[TimeControl "40/5400+30:1800+30"]

1. e4 {[%emt 0:00:30]} e5 {[%emt 0:10:30]} 2. Nf3 {[%emt 0:00:30]} Nc6 {[%emt 0:00:30]} 3. Bb5 {[%emt 0:02:30]} a6 {[%emt 0:00:30]} 4. Bxc6 {[%emt 0:00:30]} dxc6 {[%emt 0:00:30]} 5. d4 {[%emt 0:00:30]} exd4 {[%emt 0:00:00]} 6. Qxd4 {[%emt 0:00:00]} Qxd4 {[%emt 0:01:00]} 7. Nxd4 {[%emt 0:01:00]} Bd7 {[%emt 0:00:30]} 8. Be3 {[%emt 0:00:00]} O-O-O {[%emt 0:00:30]} 9. Nc3 {[%emt 0:00:00]} Bb4 {[%emt 0:01:30]} 10. O-O-O {[%emt 0:00:30]} Bxc3 {[%emt 0:01:30]} 11. bxc3 {[%emt 0:00:30]} Re8 {[%emt 0:00:30]} 12. Nf3 {[%emt 0:07:30]} Bg4 {[%emt 0:10:30]} 13. Bd4 {[%emt 0:02:30]} Nf6 {[%emt 0:12:30]} 14. Bxf6 {[%emt 0:07:30]} gxf6 {[%emt 0:01:30]} 15. Rde1 {[%emt 0:02:30]} Bxf3 {[%emt 0:14:30]} 16. gxf3 {[%emt 0:00:00]} Rhg8 {[%emt 0:00:00]} 17. Reg1 {[%emt 0:01:00]} Rg6 {[%emt 0:00:00]} 18. Rg3 {[%emt 0:00:30]} Re5 {[%emt 0:00:00]} 19. Kd2 {[%emt 0:00:30]} Ra5 {[%emt 0:00:00]} 20. Ra1 {[%emt 0:00:30]} Rh5 {[%emt 0:03:30]} 21. Rh1 {[%emt 0:00:30]} Kd7 {[%emt 0:02:30]} 22. Ke3 {[%emt 0:01:30]} Ra5 {[%emt 0:00:30]} 23. Ra1 {[%emt 0:00:30]} Rc5 {[%emt 0:08:30]} 24. Kd4 {[%emt 0:00:30]} Rh5 {[%emt 0:00:30]} 25. Rh1 {[%emt 0:00:00]} f5 {[%emt 0:02:30]} 26. c4 {[%emt 0:18:00]} b6 {[%emt 0:05:30]} 27. h4 {[%emt 0:02:30]} Rgh6 {[%emt 0:02:30]} 28. Rg8 {[%emt 0:08:30]} Rxh4 {[%emt 0:02:12]} 29. Rxh4 {[%emt 0:00:00]} Rxh4 {[%emt 0:00:00]} 30. Ke5 {[%emt 0:13:00]} fxe4 {[%emt 0:02:27]} 31. fxe4 {[%emt 0:00:30]} Ke7 {[%emt 0:04:26]} 32. f4 {[%emt 0:10:30]} 1/2-1/2

[Event "CRO Team Cup 2019"]
[Site "Losinj"]
[Date "2019.05.19"]
[Round "6.15"]
[White "Sale, Srdjan"]
[Black "Filipovic, Marko"]
[Result "1/2-1/2"]
[WhiteElo "2443"]
[BlackElo "2324"]
[Annotator "RC"]
[PlyCount "118"]
[EventDate "2019.05.15"]
[EventType "team-tourn"]
[EventCountry "CRO"]
[SourceTitle "playchess.com"]
[Source "ChessBase"]
[SourceQuality "1"]
[TimeControl "40/5400+30:1800+30"]

1. e4 {[%emt 0:00:30]} c5 {[%emt 0:00:30]} 2. Nf3 {[%emt 0:00:30]} d6 {[%emt 0:00:00]} 3. Bb5+ {[%emt 0:00:30]} Nd7 {[%emt 0:01:00]} 4. a4 {[%emt 0:00:00]} a6 {[%emt 0:00:30]} 5. Bc4 {[%emt 0:00:00]} e6 {[%emt 0:00:30]} 6. O-O {[%emt 0:00:30]} Ngf6 {[%emt 0:00:30]} 7. Re1 {[%emt 0:01:30]} Be7 {[%emt 0:00:30]} 8. d3 {[%emt 0:00:30]} O-O {[%emt 0:00:30]} 9. a5 {[%emt 0:00:30]} d5 {[%emt 0:14:30]} 10. exd5 {[%emt 0:00:00]} exd5 {[%emt 0:00:30]} 11. Bb3 {[%emt 0:00:00]} Nb8 {[%emt 0:06:30]} 12. Ne5 {[%emt 0:01:30]} Nc6 {[%emt 0:01:30]} 13. Nxc6 {[%emt 0:00:00]} bxc6 {[%emt 0:00:30]} 14. Nc3 {[%emt 0:03:00]} Rb8 {[%emt 0:12:30]} 15. Bd2 {[%emt 0:10:30]} Bd6 {[%emt 0:03:30]} 16. h3 {[%emt 0:02:30]} Bc7 {[%emt 0:10:30]} 17. Ne2 {[%emt 0:08:30]} Nh5 {[%emt 0:10:30]} 18. Ra4 {[%emt 0:01:30]} Qf6 {[%emt 0:15:48]} 19. Nd4 {[%emt 0:05:30]} Nf4 {[%emt 0:10:09]} 20. Nf3 {[%emt 0:01:30]} d4 {[%emt 0:02:04]} 21. Bxf4 {[%emt 0:05:30]} Qxf4 {[%emt 0:00:53]} 22. Qe2 {[%emt 0:04:30]} Rxb3 {[%emt 0:04:08]} 23. cxb3 {[%emt 0:00:30]} Be6 {[%emt 0:00:00]} 24. Qe4 {[%emt 0:02:30]} Bxb3 {[%emt 0:00:55]} 25. Qxf4 {[%emt 0:04:30]} Bxf4 {[%emt 0:00:04]} 26. Ra3 {[%emt 0:00:00]} Be6 {[%emt 0:01:04]} 27. g3 {[%emt 0:03:00]} Bd6 {[%emt 0:00:21]} 28. Ng5 {[%emt 0:00:30]} Bd5 {[%emt 0:00:46]} 29. Ne4 {[%emt 0:00:30]} Be7 {[%emt 0:00:53]} 30. Nd2 {[%emt 0:01:30]} Bg5 {[%emt 0:00:10]} 31. f4 {[%emt 0:01:30]} Bf6 {[%emt 0:00:08]} 32. Nc4 {[%emt 0:00:30]} g5 {[%emt 0:00:23]} 33. f5 {[%emt 0:03:30]} Rd8 {[%emt 0:01:37]} 34. Rb3 {[%emt 0:05:30]} g4 {[%emt 0:00:54]} 35. h4 {[%emt 0:00:30]} h5 {[%emt 0:00:51]} 36. Rb6 {[%emt 0:05:30]} Bxc4 {[%emt 0:00:49]} 37. dxc4 {[%emt 0:00:30]} d3 {[%emt 0:00:10]} 38. Rd1 {[%emt 0:00:30]} d2 {[%emt 0:00:23]} 39. Kf1 {[%emt 0:00:30]} Rd3 {[%emt 0:01:15]} 40. Rxa6 {[%emt 0:08:30]} Bxb2 {[%emt 0:00:30]} 41. Ra8+ {[%emt 0:03:30]} Kg7 {[%emt 0:03:45]} 42. Ke2 {[%emt 0:00:30]} Rxg3 {[%emt 0:02:30]} 43. Rxd2 {[%emt 0:00:30]} Bd4 {[%emt 0:01:30]} 44. a6 {[%emt 0:04:30]} Ra3 {[%emt 0:02:30]} 45. a7 {[%emt 0:01:30]} Kf6 {[%emt 0:03:30]} 46. Kf1 {[%emt 0:08:30]} Kxf5 {[%emt 0:05:54]} 47. Re2 {[%emt 0:00:30]} Kf4 {[%emt 0:02:26]} 48. Re7 {[%emt 0:02:30]} f5 {[%emt 0:01:23]} 49. Rg8 {[%emt 0:07:30]} Ra1+ {[%emt 0:00:58]} 50. Ke2 {[%emt 0:00:30]} Ra2+ {[%emt 0:00:30]} 51. Kd3 {[%emt 0:01:30]} Ra3+ {[%emt 0:00:07]} 52. Kc2 {[%emt 0:00:30]} g3 {[%emt 0:00:31]} 53. a8=Q {[%emt 0:01:30]} Rxa8 {[%emt 0:00:04]} 54. Rxa8 {[%emt 0:00:00]} g2 {[%emt 0:00:09]} 55. Rg8 {[%emt 0:02:00]} g1=Q {[%emt 0:00:32]} 56. Rxg1 {[%emt 0:00:00]} Bxg1 {[%emt 0:00:02]} 57. Rh7 {[%emt 0:01:00]} Bf2 {[%emt 0:02:46]} 58. Rxh5 {[%emt 0:00:30]} Kg4 {[%emt 0:00:14]} 59. Rg5+ {[%emt 0:02:30]} Kf4 {[%emt 0:00:08]} 1/2-1/2

[Event "CRO Team Cup 2019"]
[Site "Losinj"]
[Date "2019.05.19"]
[Round "6.16"]
[White "Vargic, Drago"]
[Black "Medak, Bojan"]
[Result "1/2-1/2"]
[WhiteElo "2274"]
[BlackElo "2347"]
[Annotator "NA RC"]
[PlyCount "30"]
[EventDate "2019.05.15"]
[EventType "team-tourn"]
[EventCountry "CRO"]
[SourceTitle "playchess.com"]
[Source "ChessBase"]
[SourceQuality "1"]
[TimeControl "40/5400+30:1800+30"]

1. e4 {[%emt 0:00:30]} d6 {[%emt 0:00:30]} 2. d4 {[%emt 0:01:30]} Nf6 {[%emt 0:00:30]} 3. Nc3 {[%emt 0:00:30]} g6 {[%emt 0:00:30]} 4. Nf3 {[%emt 0:03:30]} Bg7 {[%emt 0:01:30]} 5. Be2 {[%emt 0:00:30]} O-O {[%emt 0:01:30]} 6. O-O {[%emt 0:01:30]} Nc6 {[%emt 0:04:30]} 7. h3 {[%emt 0:07:30]} e5 {[%emt 0:03:30]} 8. dxe5 {[%emt 0:02:30]} Nxe5 {[%emt 0:16:30]} 9. Nxe5 {[%emt 0:22:30]} dxe5 {[%emt 0:00:30]} 10. Qxd8 {[%emt 0:00:00]} Rxd8 {[%emt 0:00:00]} 11. Bg5 {[%emt 0:00:00]} c6 {[%emt 0:08:00]} 12. Rfd1 {[%emt 0:03:30]} Be6 $11 {[%emt 0:04:30]} 13. a4 {[%emt 0:03:30]} h6 {[%emt 0:11:30]} 14. Be3 {[%emt 0:01:30]} Rxd1+ {[%emt 0:00:30]} 15. Rxd1 {[%emt 0:00:00]} Bf8 1/2-1/2

[Event "CRO Team Cup 2019"]
[Site "Losinj"]
[Date "2019.05.19"]
[Round "6.17"]
[White "Srbis, Jurica"]
[Black "Janzelj, Tim"]
[Result "1-0"]
[WhiteElo "2429"]
[BlackElo "2380"]
[Annotator "RC"]
[PlyCount "83"]
[EventDate "2019.05.15"]
[EventType "team-tourn"]
[EventCountry "CRO"]
[SourceTitle "playchess.com"]
[Source "ChessBase"]
[SourceQuality "1"]
[TimeControl "40/5400+30:1800+30"]

1. d4 {[%emt 0:00:30]} Nf6 {[%emt 0:00:30]} 2. Nf3 {[%emt 0:01:30]} d5 {[%emt 0:01:30]} 3. c4 {[%emt 0:01:30]} e6 {[%emt 0:00:30]} 4. e3 {[%emt 0:00:30]} Nbd7 {[%emt 0:08:30]} 5. Nc3 {[%emt 0:10:30]} a6 {[%emt 0:03:30]} 6. Qc2 {[%emt 0:04:30]} Be7 {[%emt 0:10:30]} 7. b3 {[%emt 0:01:30]} b6 {[%emt 0:01:30]} 8. Bd3 {[%emt 0:12:30]} Bb7 {[%emt 0:00:30]} 9. cxd5 {[%emt 0:02:30]} exd5 {[%emt 0:00:30]} 10. O-O {[%emt 0:00:30]} O-O {[%emt 0:00:30]} 11. Ne5 {[%emt 0:00:30]} c5 {[%emt 0:13:30]} 12. Bb2 {[%emt 0:00:30]} Bd6 {[%emt 0:04:30]} 13. f4 {[%emt 0:01:30]} b5 {[%emt 0:02:30]} 14. Bf5 {[%emt 0:08:30]} g6 {[%emt 0:08:30]} 15. Bh3 {[%emt 0:01:30]} c4 {[%emt 0:02:30]} 16. Nd1 {[%emt 0:04:30]} Nb6 {[%emt 0:01:30]} 17. Nf2 {[%emt 0:01:30]} Bc8 {[%emt 0:04:30]} 18. f5 {[%emt 0:01:30]} Qc7 {[%emt 0:01:30]} 19. Nfg4 {[%emt 0:10:30]} Ne4 {[%emt 0:03:30]} 20. fxg6 {[%emt 0:07:30]} fxg6 {[%emt 0:17:37]} 21. Rxf8+ {[%emt 0:05:30]} Bxf8 {[%emt 0:00:30]} 22. Rf1 {[%emt 0:00:30]} Bf5 {[%emt 0:00:17]} 23. Nf6+ {[%emt 0:00:30]} Nxf6 {[%emt 0:00:30]} 24. Bxf5 {[%emt 0:01:30]} Qe7 {[%emt 0:00:30]} 25. Bxg6 {[%emt 0:00:30]} hxg6 {[%emt 0:00:30]} 26. Qxg6+ {[%emt 0:00:30]} Bg7 {[%emt 0:00:30]} 27. Ba3 {[%emt 0:00:30]} Qe6 {[%emt 0:00:30]} 28. Bc5 {[%emt 0:00:30]} Nc8 {[%emt 0:08:11]} 29. h4 {[%emt 0:05:08]} Ne7 {[%emt 0:00:01]} 30. Bxe7 {[%emt 0:00:29]} Qxe7 {[%emt 0:00:01]} 31. h5 {[%emt 0:00:11]} c3 {[%emt 0:03:02]} 32. h6 {[%emt 0:01:11]} Rf8 {[%emt 0:01:29]} 33. hxg7 {[%emt 0:03:21]} Qxg7 {[%emt 0:00:06]} 34. Qf5 {[%emt 0:00:07]} Qh6 {[%emt 0:02:02]} 35. Qe6+ {[%emt 0:03:19]} Kh8 {[%emt 0:00:29]} 36. Ng4 {[%emt 0:02:51]} Qh4 {[%emt 0:00:39]} 37. Qe7 {[%emt 0:02:47]} Qxg4 {[%emt 0:00:33]} 38. Qxf8+ {[%emt 0:00:08]} Ng8 {[%emt 0:00:03]} 39. Kf2 {[%emt 0:01:27]} Qh4+ {[%emt 0:00:22]} 40. Ke2 {[%emt 0:00:09]} Qh2 {[%emt 0:00:55]} 41. Qf3 {[%emt 0:01:22]} Qh7 {[%emt 0:01:13]} 42. Qf5 {[%emt 0:01:30]} 1-0

[Event "CRO Team Cup 2019"]
[Site "Losinj"]
[Date "2019.05.19"]
[Round "6.18"]
[White "Ostovic, Matija"]
[Black "Babic, Zvonko"]
[Result "1-0"]
[WhiteElo "2391"]
[BlackElo "2198"]
[Annotator "TA"]
[PlyCount "45"]
[EventDate "2019.05.15"]
[EventType "team-tourn"]
[EventCountry "CRO"]
[SourceTitle "playchess.com"]
[Source "ChessBase"]
[SourceQuality "1"]

{[%evp 24,45,0,0,0,0,7,0,1,0,0,0,73,62,75,27,28,-8,209,210,292,290,676,662]} 1. Nf3 Nf6 2. d4 d5 3. c4 e6 4. e3 Be7 5. b3 O-O 6. Bd3 c5 7. O-O Nc6 8. Bb2 b6 9. Nc3 cxd4 10. exd4 Bb7 11. Re1 Rc8 12. Rc1 dxc4 13. bxc4 Na5 {[%cal Bc6a5,Ba5c4,Bc4b2][%mdl 32] E14: Queen's Indian: Classical Variation (4 e3)} (13... Qd6 14. Ne4 Nxe4 15. Bxe4 Bf6 16. Qa4 Rfd8 17. Rcd1 Na5 18. Bxb7 Nxb7 19. Qxa7 Qc7 20. Qa3 Qxc4 21. Nd2 {0-1 (57) Quesada Perez,L (2462)-Cruz,C (2562) Havana 2018}) 14. Ne5 Nd7 15. Nxd7 Qxd7 {The position is equal.} 16. d5 {[#] aiming for dxe6.} Nxc4 $146 ({Predecessor:} 16... Rfd8 17. Ne4 exd5 18. Nf6+ Bxf6 19. Bxf6 Qc6 20. Bxd8 Rxd8 21. cxd5 Qxd5 22. Be4 Qg5 23. Bxb7 Nxb7 24. Qd7 Nd6 25. Rc8 Rxc8 26. Qxc8+ {1-0 (26) Hurtak,O (2015)-De Seroux,C (2160) Prague 2019}) 17. dxe6 $1 Qc6 (17... Qe8 $11 18. Bxc4 (18. Qh5 g6 $17) 18... Rxc4) 18. Be4 $40 {[%mdl 128] White attacks.} Nxb2 19. Qh5 {[%csl Ge4][%cal Rh5h7]} g6 $1 {[%cal Rg6h5]} ({Don't blunder} 19... Qxe4 $2 20. Nxe4 Rxc1 21. Rxc1 $18) 20. Qf3 Qc4 $2 {[#]} (20... Qd6 $11 21. Bxb7 fxe6) 21. Bxb7 $18 fxe6 22. Bxc8 Qxc8 $2 (22... Rxc8 23. Ne2 Rf8) 23. Nd5 {[%mdl 64] Pin, Discovered Attack} 1-0